Carver on Charterparties (Record no. 90339)

MARC details
000 -LEADER
fixed length control field a
005 - DATE AND TIME OF LATEST TRANSACTION
control field 20190629152251.0
008 - FIXED-LENGTH DATA ELEMENTS--GENERAL INFORMATION
fixed length control field 190606b ||||| |||| 00| 0 eng d
020 ## - INTERNATIONAL STANDARD BOOK NUMBER
International Standard Book Number 9781847039262
080 ## - UNIVERSAL DECIMAL CLASSIFICATION NUMBER
Universal Decimal Classification number 347.792(41)
Item number CAR R
245 ## - TITLE STATEMENT
Title Carver on Charterparties
260 ## - PUBLICATION, DISTRIBUTION, ETC. (IMPRINT)
Name of publisher, distributor, etc Sweet & Maxwell
Place of publication, distribution, etc London
Date of publication, distribution, etc 2017
300 ## - PHYSICAL DESCRIPTION
Extent v -1524p
490 ## - SERIES STATEMENT
Series statement British shipping laws
653 ## - INDEX TERM--UNCONTROLLED
Uncontrolled term Voyage- cargo claims
700 ## - ADDED ENTRY--PERSONAL NAME
Personal name Bennett, Howard Ed. by.
942 ## - ADDED ENTRY ELEMENTS (KOHA)
item type Reference
Holdings
Lost status Source of classification or shelving scheme Not for loan Home library Current library Date acquired Cost, normal purchase price Total Checkouts Full call number Barcode Date last seen Cost, replacement price Price effective from Koha item type
  Universal Decimal Classification   University Library University Library 15/02/2018 0.00   347.792(41) CAR R 00080075 15/02/2018 0.00 15/02/2018 Books
University Library, CUSAT